TOPICS IN NON FERROUS EXTRACTIVE METALLURGY (Record no. 581415)
[ view plain ]
| 000 -LEADER | |
|---|---|
| fixed length control field | 00343nam a22001337a 4500 |
| 020 ## - INTERNATIONAL STANDARD BOOK NUMBER | |
| International Standard Book Number | 0-632-00648-X |
| 082 ## - DEWEY DECIMAL CLASSIFICATION NUMBER | |
| Classification number | 669.2 TOP'B |
| 100 ## - MAIN ENTRY--PERSONAL NAME | |
| Personal name | BURKIN, A. R |
| 9 (RLIN) | 76014 |
| 245 ## - TITLE STATEMENT | |
| Title | TOPICS IN NON FERROUS EXTRACTIVE METALLURGY |
| 260 ## - PUBLICATION, DISTRIBUTION, ETC. | |
| Place of publication, distribution, etc. | OXFORD |
| Name of publisher, distributor, etc. | BLACKWELL |
| Date of publication, distribution, etc. | 1980 |
| 300 ## - PHYSICAL DESCRIPTION | |
| Extent | 134P |
| 650 ## - SUBJECT ADDED ENTRY--TOPICAL TERM | |
| Topical term or geographic name entry element | NONFERROUS METALS METALLURGY |
| 9 (RLIN) | 76015 |
| 942 ## - ADDED ENTRY ELEMENTS (KOHA) | |
| Koha item type | Book |
| Withdrawn status | Lost status | Damaged status | Not for loan | Permanent Location | Current Location | Shelving location | Date acquired | Total Checkouts | Full call number | Barcode | Date last seen | Price effective from | Koha item type |
|---|---|---|---|---|---|---|---|---|---|---|---|---|---|
| College of Electrical & Mechanical Engineering (CEME) | College of Electrical & Mechanical Engineering (CEME) | General Stacks | 05/25/2017 | 669.2 TOP'B | CEME-11639 | 06/28/2021 | 06/28/2021 | Book |
